Donald Trump's Celebrity Apprentice Contestants - Statistics

General Stats
  • This quiz has been taken 55 times
  • The average score is 34 of 110
Answer Stats
Season Clue Celeb % Correct
7 Brit Talk Show Piers Morgan
64%
8 Jong-un Pal Dennis Rodman
60%
8 Comedian Joan Rivers
60%
11 Crunk Rock Lil Jon
60%
8 Joan's Daughter Melissa Rivers
60%
14 90210 Ian Ziering
56%
15 Real Housewife Porsha Williams
56%
14 Gymnast Shawn Johnson
56%
11 Deaf Activist Marlee Matlin
52%
9 Bat-Eater's Wife Sharon Osbourne
52%
8 Monster Garage Jesse James
48%
11 Country Music John Rich
48%
8 "Reality" TV Khloé Kardashian
48%
12 The Hulk Lou Ferrigno
48%
9 Sprinter Michael Johnson
48%
12 Magician Penn Jillette
48%
11 The View Star Jones
48%
9 She Bop Cyndi Lauper
44%
15 Pro Boxer Laila Ali
44%
11 Michael's Sister La Toya Jackson
44%
15 Jersey Shore Nicole "Snooki" Polizzi
44%
12 P Diddy Protege Aubrey O'Day
40%
15 Culture Club Boy George
40%
15 Beach Boys Kid Carnie Wilson
40%
15 Queer Eye Carson Kressley
40%
14 Brother Band Kevin Jonas
40%
11 Soap Opera Lisa Rinna
40%
11 Rocky Horror Meat Loaf
40%
11 Real Housewife NeNe Leakes
40%
15 NFL Ricky Williams
40%
12 Twisted Sister Dee Snider
36%
7 Apprentice Omarosa Manigault-Stallworth
36%
12 Real Housewife Teresa Giudice
36%
12 Mafia Kid Victoria Gotti
36%
15 Motley Crue Vince Neil
36%
8 Standup Andrew "Dice" Clay
32%
12 Talk Show Arsenio Hall
32%
9 Hard Rock Bret Michaels
32%
8 Gameshow Model Claudia Jordan
32%
12 American Idol Clay Aiken
32%
11 Partridge Family David Cassidy
32%
14 Talk Show Geraldo Rivera
32%
9 21 Jump Street Holly Robinson Peete
32%
14 Snowboarder Jamie Anderson
32%
14 Miss USA Kenya Moore
32%
14 Huxtable Kid Keshia Knight Pulliam
32%
15 Real Housewife Kyle Richards
32%
7 Boxer Lennox Lewis
32%
7 Taxi Marilu Henner
32%
11 Survivor Richard Hatch
32%
9 Governor Rod Blagojevich
32%
8 Figure Skating Scott Hamilton
32%
14 Boat Captain Sig Hansen
32%
8 Comedian Tom Green
32%
8 Poker Annie Duke
28%
8 Playboy Brande Roderick
28%
9 Comedian Carol Leifer
28%
9 Chef Curtis Stone
28%
11 Singer Dionne Warwick
28%
7 The Demon Gene Simmons
28%
8 Heisman Winner Herschel Walker
28%
11 Playboy Hope Dworaczyk
28%
14 Reality Mom Kate Gosselin
28%
15 WNBA Lisa Leslie
28%
12 Indy Winner Michael Andretti
28%
12 Venezuelan Model Patricia Velásquez
28%
7 Usual Suspects Stephen Baldwin
28%
9 Swimmer Summer Sanders
28%
7 Playboy Tiffany Fallon
28%
8 TLC Tionne Watkins
28%
14 Soul Food Vivica A. Fox
28%
7 The Face Carol Alt
24%
9 MLB Darryl Strawberry
24%
12 Electric Youth Debbie Gibson
24%
11 Character Actor Gary Busey
24%
14 Grating Voice Gilbert Gottfried
24%
7 Softball Jennie Finch
24%
14 MLB Johnny Damon
24%
12 Insult Comic Lisa Lampanelli
24%
11 Sugar Ray Mark McGrath
24%
15 Standup Matt Iseman
24%
8 Golf Natalie Gulbis
24%
11 Covergirl Niki Taylor
24%
7 MMA Tito Ortiz
24%
14 Real Housewife Brandi Glanville
20%
15 MMA Chael Sonnen
20%
12 Sports Illustrated Cheryl Tiegs
20%
8 Killin' Time Clint Black
20%
12 Miss Universe Dayana Mendoza
20%
11 MLB Jose Canseco
20%
14 Talk Show Leeza Gibbons
20%
14 Falcon Crest Lorenzo Lamas
20%
7 Gymnast Nadia Comăneci
20%
7 Telemundo Nely Galán
20%
12 American Chopper Paul Teutul, Sr.
20%
9 Victoria's Secret Selita Ebanks
20%
14 NFL Terrell Owens
20%
7 No Thinkin' Thing Trace Adkins
20%
9 Pro Wrestling Bill Goldberg
16%
9 WWE Maria Kanellis
16%
12 Loveline Adam Carolla
12%
15 Wild On! Brooke Burke-Charvet
12%
12 Sulu George Takei
12%
12 General Hospital Tia Carrere
12%
8 R&B Brian McKnight
8%
15 The Critic Jon Lovitz
8%
9 Standup Sinbad
8%
15 NFL Eric Dickerson
4%
7 Sopranos Vincent Pastore
4%
15 Up Close Carrie Keagan
0%
No matching quizzes found
Score Distribution
Percent of People with Each Score
Percentile by Number Answered
Your Score History
You have not taken this quiz